000
00303nam a22001337a 4500
008
170711b xxu||||| |||| 00| 0 eng d
020
_a
9780415020640
041
_a
eng
080
_a
030
100
_a
23
101
_a
ENC
245
_a
AN ENCYCLOPEDIA OF LANGUAGE
_c
COLLINGE.N.E
942
_2
udc
_c
BK
999
_c
20234
_d
20234